| 000 | 02052nam a22004457a 4500 | ||
|---|---|---|---|
| 003 | CHAP | ||
| 005 | 20220329134219.0 | ||
| 008 | 971013s1973 r 00010 d | ||
| 010 | _a17075 | ||
| 011 | _a18047 | ||
| 035 | _a22131 | ||
| 040 | _cCHAP | ||
| 082 |
_a636.089 _bJ4Y |
||
| 100 | 0 | 0 |
_aJensen, Rue. _961367 |
| 245 | _aEnfermedades de los bovinos en los corrales de engorda | ||
| 260 |
_aMéxico, D.F., : _bUTEHA, _c1973 |
||
| 300 |
_a413 p. _b: ilus |
||
| 590 |
_aBATCH-UPD _b10 _c20130110 _lUCH01 _h0130 |
||
| 590 |
_aBATCH-UPD _b10 _c20130110 _lUCH01 _h1725 |
||
| 590 |
_aCONVERSION _b10 _c20130109 _lUCH01 _h1311 |
||
| 650 | 1 | 4 |
_aGanado vacuno _xEnfermedades. _945460 |
| 700 | 0 |
_aMackey, Donald R. _969448 |
|
| 901 | _aBK | ||
| 942 | _cLIBRO | ||
| 949 |
_a636.089 J4Y _bBC _cLIBRO _d33724000272464 _eLIBRO _h30480 _i22131 _mD _si |
||
| 949 |
_a636.089 J4Y _bBC _cLIBRO _d33724000272472 _eLIBRO _fc.2 _h30481 _i22131 _mD _si |
||
| 949 |
_a636.089 J4Y _bBC _cLIBRO _d33724000272498 _eLIBRO _fc.4 _h30483 _i22131 _mD _si |
||
| 949 |
_a636.089 J4Y _bBC _cLIBRO _d33724000272506 _eLIBRO _fc.5 _h35876 _i22131 _mD _si |
||
| 949 |
_a636.089 J4Y _bBC _cLIBRO _d33724000272514 _eLIBRO _fc.6 _h35877 _i22131 _mD _si |
||
| 949 |
_a636.089 J4Y _bBC _cLIBRO _d33724000272522 _eLIBRO _fc.7 _h35878 _i22131 _mD _si |
||
| 949 |
_a636.089 J4Y _bBC _cLIBRO _d33724000272530 _eLIBRO _fc.8 _h35879 _i22131 _mD _si |
||
| 949 |
_a636.089 J4Y _bBC _cLIBRO _d33724000272548 _eLIBRO _fc.9 _h35880 _i22131 _si |
||
| 949 |
_a636.089 J4Y _bBC _cLIBRO _d33724000272555 _eLIBRO _fc.10 _h35881 _i22131 _mD _si |
||
| 949 |
_a636.089 J4Y _bBC _cLIBRO _d33724000272563 _eLIBRO _fc.11 _h35882 _i22131 _mD _si |
||
| 949 |
_a636.089 J4Y _bBC _cLIBRO _d33724000272571 _eLIBRO _fc.12 _h35883 _i22131 _mD _si |
||
| 949 |
_a636.089 J4Y _bBC _cLIBRO _d33724000272589 _eLIBRO _fc.14 _h35885 _i22131 _mD _si |
||
| 949 |
_a636.089 J4Y _bBC _cLIBRO _d33724000272597 _eLIBRO _fc.13 _h35884 _i22131 _mD _si |
||
| 949 |
_a636.089 J4Y _bBC _cLIBRO _d33724000642500 _eLIBRO _fc.15 _h13145 _i22131 _mD _si |
||
| 949 |
_a636.089 J4Y _bBC _cLIBRO _d33724000789699 _eLIBRO _fc.3 _h30482 _i22131 _mD _si |
||
| 999 |
_c17075 _d17075 |
||